000 00397nam a22001697a 4500
003 OSt
005 20240321115115.0
008 170717b xxu||||| |||| 00| 0 eng d
020 _a1405100354
040 _cSEROSOFT
100 _aJOHNSON, R.P
111 _cPOLYTECHNIC
245 _aCONPOSITE STRUCTURE
_cJOHNSON R P
260 _aDELHI
_bWILEY
_c2013
300 _a230
942 _2ddc
_c03
_e2ND
999 _c35878
_d35878